000 00685nam a2200217Ii 4500
003 JO-AjNU
008 230605s9999||||xx |||||||||||||| ||und||
017 _a2005/6/1464
040 _aJO-AjNU
_bara
_erda
_cJO-AjNU
041 _aara
050 1 4 _aBP188.16.M56.L32 2006
100 3 _aاللبدي، ردينة وصفي,
_eauthor
_921070
245 0 0 _aالإسلام أمة وسط
250 _aط1
264 3 1 _aعمان: دار الفرقان للنشر والتوزيع، 2006
300 _a131ص
336 _atext
_btxt
_2rdacontent
337 _aunmediated
_bn
_2rdamedia
338 _avolume
_bnc
_2rdacarrier
650 4 _aالفقه الاسلامي- الاسلام
_921071
999 _aA7258
_c10826
_d10826